| Tag |
First Indicator |
Second Indicator |
Subfields |
| LEADER |
00000cam a2200000 a 4500 |
| 001 |
in00000034088 |
| 005 |
20151007055207.0 |
| 008 |
880621s1988 au 00011 ger d |
| 020 |
|
|
|a 3701705348
|
| 035 |
|
|
|a (OCoLC)18118141
|
| 035 |
|
|
|9 AAB7535AM
|
| 040 |
|
|
|a GZM
|c GZM
|d TXA
|d UtOrBLW
|
| 049 |
|
|
|a TXAM
|c [A11074051]
|
| 050 |
|
4 |
|a PT2670.O5
|b K6 1988
|
| 100 |
1 |
|
|a Jonke, Gert,
|d 1946-2009.
|
| 245 |
1 |
4 |
|a Der Kopf des Georg Friedrich Händel /
|c Gert Jonke.
|
| 264 |
|
1 |
|a Salzburg :
|b Residenz Verlag,
|c [1988]
|
| 264 |
|
4 |
|c ©1988
|
| 300 |
|
|
|a 31 pages ;
|c 23 cm.
|
| 336 |
|
|
|a text
|b txt
|2 rdacontent
|
| 337 |
|
|
|a unmediated
|b n
|2 rdamedia
|
| 338 |
|
|
|a volume
|b nc
|2 rdacarrier
|
| 600 |
1 |
0 |
|a Handel, George Frideric,
|d 1685-1759.
|k in fiction, drama, poetry, etc.
|
| 999 |
|
|
|a MARS
|
| 999 |
f |
f |
|s 00f87e47-be0c-34d8-b16a-320ef0f99dba
|i 8c58755d-a194-3219-906e-a36ce8cb0a2e
|t 0
|
| 952 |
f |
f |
|p ric
|a Texas A&M University
|b Rellis Campus
|c Joint Library Facility
|d Remote Storage
|t 0
|e PT2670.O5 K6 1988
|h Library of Congress classification
|i unmediated -- volume
|m A14811074051
|
| 998 |
f |
f |
|a PT2670.O5 K6 1988
|t 0
|l Remote Storage
|